LEADER 01186cam1-2200373---450- 001 990002998640203316 005 20130513161253.0 035 $a000299864 035 $aUSA01000299864 035 $a(ALEPH)000299864USA01 035 $a000299864 100 $a20071024g----9999km-y0itay50------ba 101 0 $aita 102 $aIT 105 $aa---||||001yy 200 1 $a<> mondo bizantino 210 $aTorino$cEinaudi 215 $avolumi$cill.$d22 cm 454 1$12001$a<> monde byzantin$959311 463 \1$1001990002998660203316$12001 $a<<1>> : <> Impero romano d'Oriente (330-641) 463 \1$1001990003249550203316$12001 $a<<2.:>> <>Impero bizantino, 641-1204 463 \1$1001990005842180203316$12001 $a<<3>> : Bisanzio e i suoi vicini, 1204-1453 606 0 $aImpero d'Oriente$xStoria 676 $a949.5 801 0$aIT$bsalbc$gISBD 912 $a990002998640203316 951 $aIX.2. 163/1 2 3$bL.M.$cIX.2. 959 $aBK 969 $aUMA 979 $aIANNONE$b90$c20071024$lUSA01$h1041 979 $aIANNONE$b90$c20071024$lUSA01$h1050 979 $aPASSARO$b90$c20130513$lUSA01$h1612 996 $aMonde byzantin$959311 997 $aUNISA LEADER 01509nam 2200469 450 001 9910671323703321 010 $a84-9123-312-1 035 $a(CKB)3790000000476120 035 $a(MiAaPQ)EBC5045410 035 $a(OCoLC)1105421579 035 $a(FlNmELB)ELB58717 035 $a(EXLCZ)993790000000476120 100 $a20171030d2014 uy 0 101 0 $aspa 135 $aurcnu|||||||| 181 $2rdacontent 182 $2rdamedia 183 $2rdacarrier 200 13$aEl principio de equivalencia en el sistema tributario espan?ol /$fCe?sar Marti?nez Sa?nchez 210 1$aMadrid :$cMarcial Pons Ediciones Juri?dicas y Sociales,$d2014. 215 $a1 online resource (390 pa?ginas) 300 $aIncluye i?ndice. 311 $a84-15948-76-X 311 $a84-15948-76-X 320 $aContiene bibliografi?a. 606 $aTaxation$xLaw and legislation$zSpain 606 $aTributacio?n$xLegislacio?n y normativa$zEspan?a 606 $aTaxation$zSpain 606 $aTributacio?n$zEspan?a 608 $aLibros electronicos. 615 0$aTaxation$xLaw and legislation 615 4$aTributacio?n$xLegislacio?n y normativa 615 0$aTaxation 615 4$aTributacio?n 676 $a343.4604 700 $aMarti?nez Sa?nchez$b Ce?sar$01335300 801 0$bFINmELB 801 1$bFINmELB 906 $aBOOK 912 $a9910671323703321 996 $aEl principio de equivalencia en el sistema tributario espan?ol$93049033 997 $aUNINA LEADER 01100nam a2200229 i 4500 001 991004121179707536 008 090129s2008 it 000 0 ita d 020 $a9788849515459 035 $ab13805642-39ule_inst 040 $aDip.to Studi Giuridici$bita 082 0 $a346.45 245 00$aDi alcune forme speciali di pubblicità :$bin tema di stato civile, di enti non profit e di usi civici /$cricerca diretta da Gennaro Mariconda 260 $aNapoli [etc.] :$bEdizioni scientifiche italiane,$c2008 300 $a207 p. ;$c24 cm 500 $aSaggi. - In testa al front.: Università degli studi di Cassino, Dipartimento istituzioni, metodi quantitativi e territorio 700 1 $aMariconda, Gennaro$eauthor$4http://id.loc.gov/vocabulary/relators/aut$0282531 907 $a.b13805642$b02-04-14$c29-01-09 912 $a991004121179707536 945 $aLE027 346.45 MAR12.01$g1$i2027000224302$lle027$o-$pE25.00$q-$rl$s- $t0$u3$v0$w3$x0$y.i14979184$z08-06-09 996 $aDi alcune forme speciali di pubblicità$91465024 997 $aUNISALENTO 998 $ale027$b29-01-09$cm$da $e-$fita$git $h0$i0